Na našom štíte aj Rusko! 17. majstrovstvá Európy v basketbale junioriek

Bibliographic Details
Main Author: Šolc, Oliver (Author)
Format: Article
Language:Slovak
Subjects:

MARC

LEADER 00000nab a2200000 a 4500
001 vtls000589748
003 SK-MaSNL
005 20260303011325.0
008 120930c1996 xo 0 slo
015 |a SNBRB19rr/mm-uuuuu 
035 |a CL0589887 
040 |a SNKBUCL  |b slo  |c SNKBUCL  |e AACR2 
041 0 |a slo 
044 |a xo  |c SK 
080 |a 796.323.093.1-053.6(4)  |2 1981 
100 1 |a Šolc, Oliver  |4 aut  |9 897166 
245 1 0 |a Na našom štíte aj Rusko!  |b 17. majstrovstvá Európy v basketbale junioriek  |c Oliver Šolc 
650 0 7 |a basketbal  |2 snkbucl  |9 3290 
655 7 |a články z novín a časopisov  |2 snkbucl  |9 267496 
773 0 |t Šport  |g Roč. 50, č. 158 (9. 7. 1996), s. 4 
850 |a Slovenská národná knižnica v Martine  |a MTA001 
852 |a SNK  |b KIS3GCP 
958 |a RK 
992 |a RBX 
999 |c 1591547  |d 1593477